Biblioteca

The gift to be simple : (Registro nro. 66437)

Detalles MARC
000 -LÍDER
Campo fijo de descripción fija 01716cam a2200361 i 4500
001 - NÚMERO DE CONTROL
Campo de control 768714001
003 - IDENTIFICADOR DEL NÚMERO DE CONTROL
Campo de control CO-MdFUSB
005 - FECHA Y HORA DE LA ULTIMA TRANSACCIÓN
control field 20200706090751.0
007 - CAMPO FIJO DE DESCRIPCIÓN FIJA--INFORMACIÓN GENERAL
Campo fijo de descripción fija ta
008 - ELEMENTOS DE LONGITUD FIJA -- INFORMACIÓN GENERAL
Campo fijo de descripción fija -- Información general 960923t19671940nyuafg b 001 0 eng d
020 ## - NÚMERO INTERNACIONAL NORMALIZADO PARA LIBROS
Número Internacional Normalizado del libro 0486200221
020 ## - NÚMERO INTERNACIONAL NORMALIZADO PARA LIBROS
Número Internacional Normalizado del libro 9780486200224
040 ## - FUENTE DE CATALOGACIÓN
Agencia de catalogación original ESC
Agencia que realiza la transcripción CO-MdFUSB
Agencia que realiza la modificación BAKER
-- CO-MdFUSB
-- MUU
-- NLGGC
-- YDXCP
-- OCLCG
-- BDX
-- DEBBG
-- CWC
-- UtOrBLW
Idioma de catalogación spa
Convenciones de la descripción rda
041 ## - CÓDIGO DE IDIOMA
Código de idioma para texto/pista de sonido o título separado eng
082 ## - NÚMERO DE CLASIFICACIÓN DECIMAL DEWEY
Número de la edición del Dewey 23
Número de clasificación 783.02698
Clave de autor-Numero de item A566
100 1# - ASIENTO PRINCIPAL--NOMBRE PERSONAL
Nombre personal Andrews, Edward Deming,
Fechas asociadas con el nombre 1894-1964.
Término relacionador autor
245 14 - TÍTULO
Título del Material The gift to be simple :
Parte restante del título - Subtitulo songs, dances and rituals of the American Shakers
Mención de responsabilidad, etc. / Edward D. Andrews.
264 #1 - PRODUCCIÓN, PUBLICACIÓN, DISTRIBUCIÓN, MANUFACTURA, Y COPYRIGHT
Lugar de producción, publicación, distribución, manufactura New York, N.Y. :
Nombre del productor, publicador, distribuidor Dover Publications,
Fecha de producción, publicación, distribución, manufactura, o copyright 1967.
264 #4 - PRODUCCIÓN, PUBLICACIÓN, DISTRIBUCIÓN, MANUFACTURA, Y COPYRIGHT
Fecha de producción, publicación, distribución, manufactura, o copyright ©1940.
300 ## - DESCRIPCIÓN FÍSICA
Extensión 170 páginas :
Otros detalles físicos ilustraciones ;
Dimensiones 21 cm.
336 ## - TIPO DE CONTENIDO
Fuente rdacontent
Término de tipo de contenido texto
Código de tipo de contenido txt
337 ## - TIPO DE MEDIO
Fuente rdamedia
Nombre del tipo de medio sin mediación
Código del tipo de medio n
338 ## - TIPO DE SOPORTE
Fuente rdacarrier
Nombre del tipo de soporte volumen
Código Tipo de soporte nc
504 ## - NOTA DE BIBLIOGRAFÍA, ETC.
Nota de bibliografía, etc Incluye referencias bibliográficas (páginas 160-163) e índices.
505 ## - NOTA DE CONTENIDO
Nota de contenido con formato preestablecido Introducción - Canciones y rituales - Melodías y música: textos que ilustran varios tipos de canciones de Shaker - Danzas: una colección de melodías con textos.
520 ## - NOTA DE RESUMEN, ETC.
Nota de sumario, etc. <br/>"Esta es la única versión completa y autorizada de la música Shaker, un fenómeno curioso que era en parte tradicional, en parte inspirador. A través de un examen de las pintorescas y coloridas canciones cantadas por estos hombres y mujeres fervientes y una discusión de los rituales y bailes altamente imaginativos realizaron, el libro recaptura con éxito el espíritu de estas personas humildes y devotas. "
563 ## - NOTA DE ENCUADERNACIÓN
Nota de encuadernación Rústico
653 ## - TÉRMINO DE INDIZACIÓN - NO CONTROLADO
Término no controlado Música
942 ## - TIPO DE MATERIAL (KOHA)
Tipo de Item KOHA Libros General
945 ## - INFORMACIÓN LOCAL DEL REGISTRO
Catalogador JTF-925
Existencias
Estado de Material Estado de Perdido Forma de Clasificación Estado de Dañado No para Préstamo Colección Biblioteca de Origen Biblioteca Permanente Fecha de Adquisición Área Total de Préstamos Signatura Topográfica Código de Barras Última vez visto Ejemplar/Existencia Fecha de Remplazo Tipo de Material
    Dewey Decimal Classification     Colección General Biblioteca FUSBC Biblioteca FUSBC 06/07/2020 SOCIOLOGIA   G 783.02698 A566g 2323 06/07/2020 Ej.1 06/07/2020 Libros General

Biblioteca FUSBC | Teléfono: (57+4) 349 88 10 Ext. 141| WhatsApp (+57) 3005338115 
E-mail: biblioteca@unisbc.edu.co | Calle 76 87-14 Robledo Palenque, Medellín, Colombia

Con tecnología Koha